Košice - Hlavná ulica

Zobrazenie: Pohľad v bielom orámovaní na park sprava. V parku vidno rôzne stromy a vľavo v popredí pred parkom je morový stĺp ohradedný kovovým plotom s murovanými stĺpikmi, na ktorých sú sochy svätcov. Vpravo v pozadí za parkom je Národné divadlo. Vľavo v pozadí je rad budov, medzi nimi vidno aj pr...

Full description

Bibliographic Details
Format: Postcard
Language:Slovak
PhysicalDescription:1 pohľadnica čiernobiela 10 x 15 cm
Published: [Prešov] Lichtig [1930?]
Subjects:

MARC

LEADER 00000nkm a2200000 a 4500
001 vtls011872190
003 SK-MaSNL
005 20260512124827.0
007 kp bo
008 230706q1930 xo g kuslo
015 |a SNBG1930 
035 |a urn:nbn:sk:snk-km00dv2u 
035 |a urn:nbn:sk:snk-km3lsz8 
035 |a FFC0F1EB-6BD5-473E-B5EE-C53AB04BDCA5 
040 |a SNK  |b slo  |c SNK  |e AACR2 
041 0 |a slo 
043 |a e-xo--- 
044 |a xo  |c SK 
072 7 |a 913  |x Regionálna geografia  |2 konspekt 
080 |a 913(437.6)  |2 2011 
080 |a 712.253  |2 2011 
080 |a (084.121)  |2 2011 
080 |a 792.05  |2 2011 
080 |a 725.942  |2 2011 
080 |a 72  |2 2011 
080 |a 726:27-523.42  |2 2011 
245 0 0 |a Košice - Hlavná ulica  |h grafika 
260 |a [Prešov]  |b Lichtig  |c [1930?] 
300 |a 1 pohľadnica  |b čiernobiela  |c 10 x 15 cm 
500 |a Názvové údaje prevzaté z obrazovej časti pohľadnice 
500 |a Číslo záberu 1521 
520 8 |a Zobrazenie: Pohľad v bielom orámovaní na park sprava. V parku vidno rôzne stromy a vľavo v popredí pred parkom je morový stĺp ohradedný kovovým plotom s murovanými stĺpikmi, na ktorých sú sochy svätcov. Vpravo v pozadí za parkom je Národné divadlo. Vľavo v pozadí je rad budov, medzi nimi vidno aj premonštrátny, predtým jezuitský kostol. Vpravo v popredí je na ulici jedna električka 
610 2 7 |a Národné divadlo v Košiciach  |2 SNKKA  |9 35765 
650 0 7 |a parky  |2 SNKPH  |9 2942 
650 0 7 |a divadlá  |2 SNKPH  |9 29113 
650 0 7 |a morové stĺpy  |2 SNKPH  |9 99210 
650 0 7 |a Mariánsky stĺp (Košice, Slovensko)  |2 SNKPH  |9 31267 
650 0 7 |a kostoly  |2 SNKPH  |9 3023 
651 7 |a Košice (Slovensko)  |2 SNKPHgeo  |9 18694 
655 7 |a miestne pohľadnice  |2 SNKPH  |9 70510 
852 |a Slovenská národná knižnica 
958 |a GBN 
958 |a GC 
958 |a ONDV 
999 |c 948608  |d 950538 
952 |a SNK  |b SNK  |y PREZ  |7 0  |p 17A1283168  |o snkSP 85513  |z Pohľadnica prešla poštou.  |0 0  |1 0  |4 0  |d 2019-06-20  |f 1  |l 0  |r 2026-02-24 09:40:51  |w 2026-02-24